00787nam a22002177a 45000010005000000030006000050050017000110080041000280100017000690200018000860400029001040500026001330820012001591000064001712450044002352600053002793000023003325200125003555210019004806000070004991548FISKH20230922100315.0850725s1986 ctu b 001 0 eng  a 85017500  a9788172344566 aFISKHcFISKHdFISKHbeng00aPS3511.I9bG8372 198600a813/.52 aFitzgerald, Scottd1896-1940.qFrancis Scott Key Fitzgerald00aThe great Gatsby /cF. Scott Fitzgerald aNew Delhi :bPrakash Books India Pvt. Ltd.c2022 a224 pages :c20 cm aA young man, newly rich, tries to recapture the past and win back his former love, despite the fact that she is married.8 a1010 bLexile10aFitzgerald, F. Scottq(Francis Scott),d1896-1940.tGreat Gatsby.